| 000 | 00767nam a2200229Ia 4500 | ||
|---|---|---|---|
| 001 | b819-27808 [5573] | ||
| 003 | IT-MiCISF | ||
| 005 | 20260206112942.0 | ||
| 008 | 161014s9999||||xx |||||||||||||| ||und|| | ||
| 040 |
_aIT-MiCISF _cIT-MiCISF |
||
| 041 | _ait | ||
| 100 |
_aChartier Michel (et al.) _963367 |
||
| 245 | 0 | _aAborto | |
| 260 |
_a Roma, _bCoines, _c1973 [Edizione originale: 1972] |
||
| 300 | _app. 180 | ||
| 500 | _a / aborto, vissuto-aborto, aborto-terapeutico, operatori-sanitari, legislazione, morale, educazione-sessuale / | ||
| 650 | _aAborto | ||
| 654 | _asaggio | ||
| 700 |
_aVan Habost J.M., Depreux J.C. e T., Vellay P., Levy C., Sauvy A., _aDourlen-Rollier A.M., De Locht P., Natanson J. e M. _963368 |
||
| 942 |
_cBK _2ddc |
||
| 999 |
_c209616 _d209616 |
||
| 999 | _bsi | ||